<?xml version="1.0" encoding="UTF-8"?>
<record
    xmlns:xsi="http://www.w3.org/2001/XMLSchema-instance"
    xsi:schemaLocation="http://www.loc.gov/MARC21/slim http://www.loc.gov/standards/marcxml/schema/MARC21slim.xsd"
    xmlns="http://www.loc.gov/MARC21/slim">

  <leader>05799cam a22003615a 4500</leader>
  <controlfield tag="001">013118374</controlfield>
  <controlfield tag="003">OSt</controlfield>
  <controlfield tag="005">20160731120843.0</controlfield>
  <controlfield tag="008">041217s2005    enk    frb    101 0 eng d</controlfield>
  <datafield tag="015" ind1=" " ind2=" ">
    <subfield code="a">GBA515779</subfield>
    <subfield code="2">bnb</subfield>
  </datafield>
  <datafield tag="016" ind1="7" ind2=" ">
    <subfield code="a">013118374</subfield>
    <subfield code="2">Uk</subfield>
  </datafield>
  <datafield tag="020" ind1=" " ind2=" ">
    <subfield code="a">0521603021 </subfield>
  </datafield>
  <datafield tag="020" ind1=" " ind2=" ">
    <subfield code="a">9780521603027</subfield>
  </datafield>
  <datafield tag="040" ind1=" " ind2=" ">
    <subfield code="a">StDuBDS</subfield>
    <subfield code="b">eng</subfield>
    <subfield code="d">EG-ScBUE </subfield>
  </datafield>
  <datafield tag="042" ind1=" " ind2=" ">
    <subfield code="a">ukblsr</subfield>
  </datafield>
  <datafield tag="082" ind1="0" ind2="4">
    <subfield code="a">346.048</subfield>
    <subfield code="2">22</subfield>
    <subfield code="b">INT</subfield>
  </datafield>
  <datafield tag="111" ind1="2" ind2=" ">
    <subfield code="a">Conference on International Public Goods and Transfer of Technology under a Globaized Intellectual Property Regime</subfield>
    <subfield code="d">(2003 :</subfield>
    <subfield code="c">Duke University)</subfield>
  </datafield>
  <datafield tag="245" ind1="0" ind2="0">
    <subfield code="a">International public goods and transfer of technology under a globalized intellectual property regime /</subfield>
    <subfield code="c">edited by Keith E. Maskus and Jerome H. Reichman.</subfield>
  </datafield>
  <datafield tag="260" ind1=" " ind2=" ">
    <subfield code="a">Cambridge :</subfield>
    <subfield code="b">Cambridge University Press,</subfield>
    <subfield code="c">2005.</subfield>
  </datafield>
  <datafield tag="300" ind1=" " ind2=" ">
    <subfield code="a">xv, 922 p. ;</subfield>
    <subfield code="c">24 cm.</subfield>
  </datafield>
  <datafield tag="500" ind1=" " ind2=" ">
    <subfield code="a">Papers from the Conference on International Public Goods and Transfer of Technology under a Globaized Intellectual Property Regime, held in April 2003 at Duke University.</subfield>
  </datafield>
  <datafield tag="500" ind1=" " ind2=" ">
    <subfield code="a">Index : p. 909-922.</subfield>
  </datafield>
  <datafield tag="504" ind1=" " ind2=" ">
    <subfield code="a">Includes bibliographical references.</subfield>
  </datafield>
  <datafield tag="505" ind1=" " ind2=" ">
    <subfield code="a">pt. 1. International provision of public goods under a globalized intellectual property regime -- The globalization of private knowledge goods and the privatization of global public goods / Keith E. Maskus and Jerome H. Reichman -- The regulation of public goods / Peter Drahos -- Distributive values and institutional design in the provision of global public goods / Peter M. Gerhart -- Koyaanisqatsi in cyberspace : the economics of an "out-of-balance" regime of private property rights in data and information / Paul A. David -- Linkages between the market economy and the scientific commons / Richard R. Nelson -- Sustainable access to copyrighted digital information works in developing countries / Ruth L. Okediji --
Agricultural research and intellectual property rights / Robert E. Evenson -- pt. 2. Innovation and technology transfer in a protectionist environment -- Can the TRIPS agreement foster technology transfer to developing countries? / Carlos M. Correa -- Patent rights and international technology transfer through direct investment and licensing / Keith E. Maskus, Kamal Saggi and Thitima Puttitanun -- Proprietary rights and collective action : the case of biotechnology research with low commercial value / Arti K. Rai -- Do stronger patents induce more local innovation? / Lee G. Branstetter -- Markets for technology, intellectual property rights, and development / Ashish Arora, Andrea Fosfuri and Alfonso Gambardella -- Using liability rules to stimulate local innovation in developing countries : application to traditional knowledge / Jerome H. Reichman and Tracy Lewis -- Stimulating agricultural innovation / Michael Blakeney --
pt. 3. Sectoral issues: essential medicines and traditional knowledge -- Managing the hydra : the Herculean task of ensuring access to essential medicines / Frederick M. Abbott --
Theory and implementation of differential pricing for pharmaceuticals / Patricia M. Danzon and Adrian Towse --
Increasing R &amp; D incentives for neglected diseases : lessons from the Orphan Drug Act / Henry Grabowski --
Legal and economic aspects of traditional knowledge / Graham Dutfield -- Saving the village : conserving jurisprudential diversity in the international protection of traditional knowledge / Antony Taubman -- Legal perspectives on traditional knowledge : the case for intellectual property protection / Thomas Cottier and Marion Panizzon -- Protecting cultural industries to promote cultural diversity : dilemmas for international policymaking posed by the recognition of traditional knowledge / Rosemary J. Coombe -- pt. 4. Reform and regulation issues --
Issues posed by a world patent system / John H. Barton --
Intellectual property arbitrage : how foreign rules can affect domestic protections / Pamela Samuelson -- An agenda for radical intellectual property reform / William Kingston --
Diffusion and distribution : the impacts on poor countries of technological enforcement within the biotechnology sector / Timothy Swanson and Timo Goeschl -- Equitable sharing of benefits from biodiversity-based innovation : some reflections under the shadow of a neem tree / Gustavo Ghidini --
The critical role of competition law in preserving public goods in conflict with intellectual property rights / Josef Drexl -- 
Expansionist intellectual property protection and reductionist competition rules : a TRIPS perspective / Hanns Ullrich --
Can antitrust policy protect the global commons from the excesses of IPRs? / Eleanor M. Fox -- "Minimal" standards for patent-related antitrust law under TRIPS / Mark D. Janis --
WTO dispute settlement : of sovereign interests, private rights, and public goods / Joost Pauwelyn -- The economics of international trade agreements and dispute settlement with intellectual property rights / Eric W. Bond -- Intellectual property rights and dispute settlement in the world trade organization / Wilfred J. Ethier -- WTO dispute resolution and the preservation of the public domain of science under international law / Graeme Dinwoodie and Rochelle Cooper Dreyfuss -- Recognizing public goods in WTO dispute settlement : who participates? : who decides? : the case of TRIPS and pharmaceutical patents protection / Gregory Shaffer.</subfield>
  </datafield>
  <datafield tag="650" ind1=" " ind2="7">
    <subfield code="a">Intellectual property (International law)</subfield>
    <subfield code="2">BUEsh</subfield>
    <subfield code="9">40374</subfield>
  </datafield>
  <datafield tag="650" ind1=" " ind2="7">
    <subfield code="a">Technology transfer </subfield>
    <subfield code="x">Law and legislation.</subfield>
    <subfield code="2">BUEsh</subfield>
    <subfield code="9">40547</subfield>
  </datafield>
  <datafield tag="650" ind1=" " ind2="7">
    <subfield code="a">Technological innovations </subfield>
    <subfield code="x">Law and legislation.</subfield>
    <subfield code="2">BUEsh</subfield>
    <subfield code="9">40548</subfield>
  </datafield>
  <datafield tag="651" ind1=" " ind2=" ">
    <subfield code="2">BUEsh</subfield>
  </datafield>
  <datafield tag="653" ind1=" " ind2=" ">
    <subfield code="b">LLAAWW</subfield>
    <subfield code="c">July2016</subfield>
  </datafield>
  <datafield tag="700" ind1="1" ind2=" ">
    <subfield code="a">Maskus, Keith E.&#x200F; </subfield>
    <subfield code="q">(Keith Eugene)&#x200F;.</subfield>
    <subfield code="9">40549</subfield>
  </datafield>
  <datafield tag="700" ind1="1" ind2=" ">
    <subfield code="a">Reichman, J. H.&#x200F;</subfield>
    <subfield code="q">(Jerome H.),&#x200F; &#x200E;</subfield>
    <subfield code="d">1936-&#x200F; </subfield>
    <subfield code="9">40550</subfield>
  </datafield>
  <datafield tag="942" ind1=" " ind2=" ">
    <subfield code="2">ddc</subfield>
    <subfield code="e">22</subfield>
    <subfield code="k">346.048 INT</subfield>
  </datafield>
  <datafield tag="999" ind1=" " ind2=" ">
    <subfield code="c">22075</subfield>
    <subfield code="d">22047</subfield>
  </datafield>
  <datafield tag="952" ind1=" " ind2=" ">
    <subfield code="0">0</subfield>
    <subfield code="1">0</subfield>
    <subfield code="2">ddc</subfield>
    <subfield code="4">0</subfield>
    <subfield code="7">0</subfield>
    <subfield code="8">Baccah</subfield>
    <subfield code="a">MAIN</subfield>
    <subfield code="b">MAIN</subfield>
    <subfield code="c">1ST</subfield>
    <subfield code="d">2016-07-31</subfield>
    <subfield code="e">Purchase</subfield>
    <subfield code="g">750.00</subfield>
    <subfield code="h">76080</subfield>
    <subfield code="l">0</subfield>
    <subfield code="o">346.048 INT</subfield>
    <subfield code="p">000032941</subfield>
    <subfield code="r">2025-07-15 00:00:00</subfield>
    <subfield code="v">937.50</subfield>
    <subfield code="y">BB</subfield>
  </datafield>
</record>
